Normal view
MARC view
- تاليف النمورة، محمود طلب خليل
Entry Personal Name
001 - CONTROL NUMBER
- control field: 50187
003 - CONTROL NUMBER IDENTIFIER
- control field: JO-AjAnu
005 - DATE AND TIME OF LATEST TRANSACTION
- control field: 20230606082250.0
008 - FIXED-LENGTH DATA ELEMENTS
- fixed length control field: 230606|| aca||aabn | a|a d
040 ## - CATALOGING SOURCE
- Original cataloging agency: JO-AjAnu
- Transcribing agency: JO-AjAnu
100 ## - HEADING--PERSONAL NAME
- Personal name: تاليف النمورة، محمود طلب خليل
670 ## - SOURCE DATA FOUND
- Source citation: Work cat.: (JO-AjAnu)25660: تاليف النمورة، محمود طلب خليل, author, دراسات وثائقية تجديدية في تاريخ فلسطين المفترى عليه 4000 ق م-2000م وتطبيقات من موسوعة ناحية دورا في جبل الجليل، الجزء الثاني